| 000 | 00509nam a2200157 4500 | ||
|---|---|---|---|
| 999 |
_c510067 _d510067 |
||
| 008 | 190723b ||||| |||| 00| 0 eng d | ||
| 100 |
_aTelang, Vidya _97513 |
||
| 245 | _aFinancial engineering in India: (Economic and social perspective | ||
| 260 | _c2019 | ||
| 300 | _ap.142-151. | ||
| 650 |
_afinancial engineering _97514 |
||
| 700 |
_aGangrade, Shailendra _97233 |
||
| 773 | _aPrestige International Journal of Management and Research | ||
| 906 | _aFinancial administration - India | ||
| 942 |
_2ddc _cAR |
||